U-11 PEYGAMBERİMİZ HAZRETİ MUHAMMEDİN HAYATI (Record no. 589019)

MARC details
000 -LEADER
sabit uzunluktaki kontrol alanı 00321nam a2200109Ia 4500
001 - KONTROL NUMARASI
kontrol alanı 589019
005 - EN SON İŞLEMİN TARİH VE ZAMANI
kontrol alanı 20250717120841.0
008 - SABİT-UZUNLUKTA VERİ ÖĞELERİ--GENEL BİLGİ
sabit uzunluktaki kontrol alanı 250717s9999 xx 000 0 und d
245 #0 - ESER / YAZAR
ESER ADI U-11 PEYGAMBERİMİZ HAZRETİ MUHAMMEDİN HAYATI
Yazar Adı AMİNE KEVSER KARACA
260 ## - YAYIN, DAĞITIM, VB.
YAYIN EVİ TÜRKİYE DİYANET VAKFI YAYINLARI
Yayın, dağıtım tarihi, vb. 2020
300 ## - FİZİKSEL AÇIKLAMA
Diğer fiziksel ayrıntılar 32

No items available.